| 000 | 01144nam a22002297a 4500 | ||
|---|---|---|---|
| 005 | 20120328164327.0 | ||
| 008 | 120328s2012 ua|||||r|||| 00| 0 eng d | ||
| 020 | _a9775868963 | ||
| 082 |
_222 _a320.956 _bب ت ر |
||
| 100 |
_929491 _aبتراس، جيمس |
||
| 245 |
_aالثورة العربية والثورة المضادة امريكية الصنع / _cتأليف جيمس بتراس ؛ ترجمة فاطمة نصر. |
||
| 250 | _aط. 1. | ||
| 260 |
_aالقاهرة : _bمكتبة سطور للنشر، _c2012. |
||
| 300 |
_a130 ص. ؛ _c17 سم. |
||
| 651 |
_929429 _aمصر _xتاريخ _yالعصر الحديث|حسني مبارك، 1981-2011 |
||
| 651 |
_929492 _aمصر _xتاريخ|الثورات _yالعصر الحديث |
||
| 651 |
_916887 _aليبيا _zالأحوال السياسية |
||
| 651 |
_913357 _aالولايات المتحدة الأمريكية _xالعلاقات الخارجية _zالأحوال السياسية |
||
| 653 |
_bAra _cMarch2012 |
||
| 942 |
_2ddc _cBB |
||
| 999 |
_c16614 _d16614 |
||